[Event "Titled Tuesday intern op 12th Mar Late"]
[Site "Chess.com INT"]
[Date "2024.03.12"]
[Round "1"]
[White "Goltsev, Dmitry"]
[Black "Perez Rodriguez, Jennifer"]
[Result "1-0"]
[WhiteElo "2215"]
[BlackElo "2224"]
[PlyCount "53"]
[EventDate "2024.03.12"]
[EventType "swiss (blitz)"]
[EventRounds "11"]
[EventCountry "USA"]
[SourceTitle "CB12_2024"]
[SourceDate "2023.10.01"]
[SourceVersion "1"]
[SourceVersionDate "2023.10.01"]
[SourceQuality "1"]

1. e4 e5 2. Nf3 Nc6 3. Bb5 f5 4. d3 fxe4 5. dxe4 Nf6 6. Nc3 Bb4 7. 0-0 Bxc3 8. bxc3 d6 9. h3 0-0 10. Ng5 Qe8 11. Qd3 Qg6 12. Qc4+ Kh8 13. Bxc6 bxc6 14. Qxc6 Rb8 15. Qxc7 Bxh3 16. Nxh3 Nxe4 17. Be3 Rbc8 18. Qxa7 Nxc3 19. Rfe1 d5 20. Qe7 d4 21. Bd2 Rce8 22. Qg5 Qxc2 23. Bxc3 Qxc3 24. Rac1 Qa5 25. Re2 d3 26. Rd2 e4 27. Qxa5 1-0

[Event "Titled Tuesday intern op 27th Feb Late"]
[Site "Chess.com INT"]
[Date "2024.02.27"]
[Round "2"]
[White "Perez Rodriguez, Jennifer"]
[Black "Boor, Carl Brandon"]
[Result "1/2-1/2"]
[WhiteElo "2224"]
[BlackElo "2231"]
[PlyCount "81"]
[EventDate "2024.02.27"]
[EventType "swiss (blitz)"]
[EventRounds "11"]
[EventCountry "USA"]
[SourceTitle "CB10_2024"]
[SourceDate "2024.03.06"]
[SourceVersion "1"]
[SourceVersionDate "2024.03.06"]
[SourceQuality "1"]

1. e4 Nf6 2. Nc3 e5 3. f4 d5 4. fxe5 Nxe4 5. Qf3 Nxc3 6. bxc3 Be6 7. d4 c5 8. Bd3 Nc6 9. Bd2 cxd4 10. Qg3 dxc3 11. Bxc3 Bb4 12. Bxb4 Nxb4 13. Qxg7 Nxd3+ 14. cxd3 Qh4+ 15. Ke2 0-0-0 16. Nf3 Qa4 17. Rhc1+ Kb8 18. Qh6 Rhg8 19. Kf2 Bg4 20. Qe3 Bxf3 21. Qxf3 Qd4+ 22. Kf1 Qxe5 23. Kg1 Rd7 24. Rab1 Qd4+ 25. Kh1 Qg4 26. Qf2 b6 27. h3 Qg3 28. Qf1 Re7 29. Rb2 Rge8 30. Rf2 Qg7 31. Rf5 Rd8 32. Qf4+ Ka8 33. Rf1 Qb2 34. Rxf7 Rxf7 35. Qxf7 Qxa2 36. Qc7 Rg8 37. Qc6+ Kb8 38. Qd6+ Ka8 39. Qc6+ Kb8 40. Qd6+ Ka8 41. Qc6+ 1/2-1/2

[Event "WchT (Women) Pool-B"]
[Site "Bydgoszcz"]
[Date "2023.09.06"]
[Round "1.1"]
[White "Perez Rodriguez, Jennifer"]
[Black "Radeva, Viktoria"]
[Result "0-1"]
[WhiteElo "2242"]
[BlackElo "2289"]
[PlyCount "80"]
[EventDate "2023.09.06"]
[EventType "team (rapid)"]
[EventRounds "5"]
[EventCountry "POL"]
[SourceTitle "EXT 2024"]
[Source "ChessBase"]
[SourceDate "2023.10.10"]
[SourceVersion "1"]
[SourceVersionDate "2023.10.10"]
[SourceQuality "1"]
[WhiteTeam "FIDE Americas (W)"]
[BlackTeam "Bulgaria (W)"]
[BlackTeamCountry "BUL"]

1. d4 d5 2. Bf4 Nf6 3. Nc3 a6 4. e3 e6 5. g4 Bb4 6. a3 Bxc3+ 7. bxc3 c5 8. f3 Nc6 9. Ne2 Qe7 10. Bg3 Bd7 11. Bg2 e5 12. 0-0 e4 13. g5 Nh5 14. fxe4 dxe4 15. dxc5 Bg4 16. Qe1 Bxe2 17. Bd6 Qxg5 18. Qxe2 Nf6 19. Rab1 0-0-0 20. Rxb7 Kxb7 21. Rb1+ Kc8 22. Qxa6+ Kd7 23. Qb7+ Ke6 24. Qxc6 Qxe3+ 25. Kh1 Kf5 26. Rf1+ Kg6 27. Rg1 h5 28. Bxe4+ Kh6 29. Bd3 g6 30. Rf1 Kg7 31. Qg2 Ng4 32. Qf3 Qe6 33. Qe4 Qxe4+ 34. Bxe4 f5 35. Bd3 Ne3 36. Be5+ Kf7 37. Re1 Ng4 38. Bxh8 Rxh8 39. Bc4+ Kf6 40. Re6+ Kg5 0-1

[Event "Titled Tuesday intern op 29th Aug Early"]
[Site "Chess.com INT"]
[Date "2023.08.29"]
[Round "8"]
[White "Berezin, Viktor1111"]
[Black "Perez Rodriguez, Jennifer"]
[Result "0-1"]
[WhiteElo "2307"]
[BlackElo "2242"]
[PlyCount "120"]
[EventDate "2023.08.29"]
[EventType "swiss (blitz)"]
[EventRounds "11"]
[EventCountry "USA"]
[SourceTitle "EXT 2024"]
[Source "ChessBase"]
[SourceDate "2023.10.10"]
[SourceVersion "1"]
[SourceVersionDate "2023.10.10"]
[SourceQuality "1"]

1. d4 d5 2. Nf3 Nf6 3. Bf4 Bf5 4. e3 c6 5. Bd3 Bxd3 6. cxd3 e6 7. 0-0 Bd6 8. Bg5 h6 9. Bh4 Nbd7 10. Nc3 e5 11. dxe5 Nxe5 12. e4 dxe4 13. Nxe4 Nxf3+ 14. Qxf3 Be7 15. Ng3 Qd5 16. Qxd5 Nxd5 17. Bxe7 Kxe7 18. Rfe1+ Kf6 19. Ne4+ Kg6 20. Nc5 Rab8 21. Nd7 Rbd8 22. Ne5+ Kf6 23. Re4 g5 24. Rae1 Kg7 25. g3 Rhe8 26. Nc4 Nf6 27. Rxe8 Rxe8 28. Ne3 Kg6 29. Kg2 Rd8 30. Rd1 Nd5 31. Nc2 f5 32. Re1 Kf6 33. a3 Nb6 34. d4 Nc4 35. b3 Nd2 36. Re2 Nxb3 37. Ne3 Nxd4 38. Rb2 b5 39. Rb1 a6 40. f4 c5 41. a4 c4 42. axb5 axb5 43. h4 gxf4 44. gxf4 c3 45. Kf2 c2 46. Rc1 Rc8 47. Nd5+ Ke6 48. Nb4 Rc4 49. Nd3 Nb3 50. Re1+ Kd6 51. Nc1 Nxc1 52. Rxc1 b4 53. Ke3 b3 54. Kd3 Rxf4 55. Kc3 Rf3+ 56. Kb2 Ke5 57. Re1+ Kf4 58. Re6 Rf1 59. Rc6 c1Q+ 60. Rxc1 Rxc1 0-1

[Event "Titled Tuesday intern op 30th May Early"]
[Site "Chess.com INT"]
[Date "2023.05.30"]
[Round "5"]
[White "Lenoir Ibacache, Gabriel Alberto"]
[Black "Perez Rodriguez, Jennifer"]
[Result "1-0"]
[WhiteElo "2225"]
[BlackElo "2242"]
[PlyCount "81"]
[EventDate "2023.05.30"]
[EventType "swiss (blitz)"]
[EventRounds "11"]
[EventCountry "USA"]
[SourceTitle "CBM 214 Extra"]
[Source "ChessBase"]
[SourceDate "2023.07.31"]
[SourceVersion "1"]
[SourceVersionDate "2023.07.31"]
[SourceQuality "1"]

1. e4 e5 2. Nf3 Nc6 3. d4 exd4 4. Nxd4 Bb4+ 5. c3 Bc5 6. Nf5 Qf6 7. Be3 Bb6 8. Qd2 Bxe3 9. Nxe3 Nge7 10. c4 0-0 11. Nc3 d6 12. Be2 Be6 13. 0-0 Ng6 14. Ncd5 Bxd5 15. Nxd5 Qd8 16. f4 f6 17. g3 Re8 18. Bf3 Nf8 19. Rad1 Ne6 20. Rfe1 a5 21. b3 Nc5 22. Kg2 Qd7 23. h4 Ne7 24. h5 Nxd5 25. Qxd5+ Qf7 26. Qd2 Re7 27. e5 fxe5 28. Bd5 Ne6 29. fxe5 Kh8 30. exd6 cxd6 31. h6 Qf6 32. hxg7+ Kxg7 33. Rf1 Qg6 34. Rde1 Rae8 35. Qc3+ Kg8 36. Rf6 Qg7 37. Qf3 Kh8 38. Bxe6 Qg5 39. Rf8+ Kg7 40. Rf7+ Kh8 41. Qc3+ 1-0

[Event "Titled Tuesday intern op 30th May Early"]
[Site "Chess.com INT"]
[Date "2023.05.30"]
[Round "4"]
[White "Perez Rodriguez, Jennifer"]
[Black "Williams, Simon Kim"]
[Result "0-1"]
[WhiteElo "2242"]
[BlackElo "2458"]
[PlyCount "134"]
[EventDate "2023.05.30"]
[EventType "swiss (blitz)"]
[EventRounds "11"]
[EventCountry "USA"]
[SourceTitle "CBM 214 Extra"]
[Source "ChessBase"]
[SourceDate "2023.07.31"]
[SourceVersion "1"]
[SourceVersionDate "2023.07.31"]
[SourceQuality "1"]

1. e4 g6 2. d4 Bg7 3. Nc3 d6 4. Nf3 a6 5. a4 b6 6. Bd3 Bb7 7. 0-0 e6 8. Re1 Nd7 9. Bf4 h6 10. h3 Ne7 11. Qd2 g5 12. Bg3 Ng6 13. Rad1 0-0 14. d5 e5 15. Nh2 Nf6 16. Ng4 Bc8 17. Nxf6+ Qxf6 18. f3 h5 19. Bf2 Nf4 20. Bf1 g4 21. hxg4 hxg4 22. Ne2 gxf3 23. Nxf4 exf4 24. gxf3 Qg5+ 25. Kh1 Kh7 26. Bg1 Rh8 27. Bh2 Kg8 28. Bc4 Kf8 29. Rg1 Qh6 30. Rxg7 Qxg7 31. Qxf4 Qh6 32. Qxh6+ Rxh6 33. Kg2 Bd7 34. Bf4 Rg6+ 35. Kf2 Bxa4 36. b3 Bb5 37. Bxb5 axb5 38. Be3 Ra2 39. Rd2 Ke7 40. f4 f5 41. e5 Rh6 42. Kg2 Ra8 43. Bd4 Rg8+ 44. Kf1 Rh1+ 45. Ke2 Rg2+ 46. Bf2 Rhh2 47. Kf3 Kd7 48. e6+ Ke7 49. Re2 Kf6 50. b4 Ke7 51. Rd2 Ke8 52. Re2 Rg4 53. Re3 Rh3+ 54. Ke2 Rxe3+ 55. Bxe3 Rg2+ 56. Kd3 Ke7 57. Bd4 Rg3+ 58. Be3 Rf3 59. Ke2 Rh3 60. Kd3 Rh2 61. Kd4 Rxc2 62. Kd3 Rc4 63. Bd4 Rxb4 64. Bf2 Rxf4 65. Ke3 Re4+ 66. Kf3 b4 67. Be1 b3 0-1

[Event "Titled Tuesday intern op 23rd May Late"]
[Site "Chess.com INT"]
[Date "2023.05.23"]
[Round "2"]
[White "Maltsevskaya, Aleksandra"]
[Black "Perez Rodriguez, Jennifer"]
[Result "0-1"]
[WhiteElo "2390"]
[BlackElo "2242"]
[PlyCount "60"]
[EventDate "2023.05.23"]
[EventType "swiss (blitz)"]
[EventRounds "11"]
[EventCountry "USA"]
[SourceTitle "EXT 2024"]
[Source "ChessBase"]
[SourceDate "2023.10.10"]
[SourceVersion "1"]
[SourceVersionDate "2023.10.10"]
[SourceQuality "1"]

1. e4 e5 2. Nf3 Nc6 3. Bb5 f5 4. d3 fxe4 5. dxe4 Nf6 6. 0-0 d6 7. c3 Be7 8. Bc4 Bg4 9. Bg5 Qd7 10. Nbd2 Be6 11. Qb3 Bxc4 12. Nxc4 Nd8 13. Rad1 Qe6 14. Be3 Ng4 15. Bc1 h6 16. h3 Nf6 17. Qa4+ Kf7 18. Ne3 Rf8 19. Nh4 g6 20. Qc2 Kg7 21. f4 exf4 22. Rxf4 Nf7 23. Nxg6 Ne5 24. Nxf8 Rxf8 25. Nf5+ Kh7 26. Rdf1 Nh5 27. R4f2 Bg5 28. Bxg5 hxg5 29. Qe2 Nf4 30. Qg4 Nxg4 0-1

[Event "Titled Tuesday intern op 23rd May Late"]
[Site "Chess.com INT"]
[Date "2023.05.23"]
[Round "4"]
[White "Perez Rodriguez, Jennifer"]
[Black "Javakhadze, Zurab"]
[Result "0-1"]
[WhiteElo "2242"]
[BlackElo "2459"]
[PlyCount "54"]
[EventDate "2023.05.23"]
[EventType "swiss (blitz)"]
[EventRounds "11"]
[EventCountry "USA"]
[SourceTitle "EXT 2024"]
[Source "ChessBase"]
[SourceDate "2023.10.10"]
[SourceVersion "1"]
[SourceVersionDate "2023.10.10"]
[SourceQuality "1"]

1. e4 e5 2. Nc3 Nf6 3. f4 d5 4. fxe5 Nxe4 5. Qf3 Nxc3 6. bxc3 c5 7. Bb5+ Nc6 8. Ne2 Be7 9. 0-0 0-0 10. d4 f6 11. Bxc6 bxc6 12. Qg3 fxe5 13. Bh6 Rxf1+ 14. Rxf1 Bf8 15. dxe5 Ba6 16. Rf2 Rb8 17. h3 Qe8 18. e6 Rb7 19. Nf4 Bd6 20. Qg4 Kh8 21. Bg5 h6 22. Qh4 Rb1+ 23. Kh2 Qxe6 24. g3 Qe1 25. Ng6+ Kh7 26. Nf8+ Bxf8 27. Kg2 Qh1# 0-1

[Event "Titled Tuesday intern op 23rd May Late"]
[Site "Chess.com INT"]
[Date "2023.05.23"]
[Round "5"]
[White "Perez Rodriguez, Jennifer"]
[Black "Kiremitciyan, Ari"]
[Result "0-1"]
[WhiteElo "2242"]
[BlackElo "2281"]
[PlyCount "140"]
[EventDate "2023.05.23"]
[EventType "swiss (blitz)"]
[EventRounds "11"]
[EventCountry "USA"]
[SourceTitle "EXT 2024"]
[Source "ChessBase"]
[SourceDate "2023.10.10"]
[SourceVersion "1"]
[SourceVersionDate "2023.10.10"]
[SourceQuality "1"]

1. e4 e5 2. Nf3 Nc6 3. d4 exd4 4. Bc4 Bc5 5. 0-0 Nf6 6. e5 d5 7. exf6 dxc4 8. Re1+ Be6 9. Ng5 Qd5 10. Nc3 Qf5 11. g4 Qxf6 12. Nd5 Qd8 13. Rxe6+ fxe6 14. Nxe6 Qd7 15. Ndxc7+ Kf7 16. Qf3+ Kg8 17. Nxa8 Qxe6 18. Bd2 Qf7 19. Qg3 h5 20. g5 h4 21. Qf4 Qxf4 22. Bxf4 Kf7 23. Nc7 Rd8 24. Re1 Bd6 25. Bxd6 Rxd6 26. Nb5 Rd5 27. Na3 Rxg5+ 28. Kf1 b5 29. b3 c3 30. Re4 h3 31. Rh4 a6 32. Rxh3 Nb4 33. Rh4 Rd5 34. Ke2 Nxa2 35. Rf4+ Ke6 36. Re4+ Kd6 37. Re8 Kc7 38. Re7+ Kb6 39. Rxg7 Nb4 40. h4 Re5+ 41. Kd1 Re4 42. Rg6+ Ka5 43. Rg5 Kb6 44. h5 Rh4 45. Rg6+ Kb7 46. h6 Kb8 47. Ke2 d3+ 48. cxd3 c2 49. Nxc2 Nxc2 50. Rg8+ Kb7 51. Rg7+ Kb6 52. h7 Ka5 53. Kf3 Nd4+ 54. Kg3 Rh6 55. Rf7 Ne6 56. Kg4 Nc5 57. Kg5 Rh2 58. Rf4 Ne6+ 59. Kg4 Nxf4 60. h8Q Rxh8 61. Kxf4 Re8 62. d4 Kb4 63. Kf5 Kxb3 64. d5 Kc4 65. d6 Kc5 66. d7 Rd8 67. Ke6 Kc6 68. f4 Rxd7 69. f5 Rd1 70. f6 Re1+ 0-1

[Event "Titled Tuesday intern op 23rd May Late"]
[Site "Chess.com INT"]
[Date "2023.05.23"]
[Round "9"]
[White "Perez Rodriguez, Jennifer"]
[Black "Veiga, Jose Francisco RP"]
[Result "0-1"]
[WhiteElo "2242"]
[BlackElo "2406"]
[PlyCount "76"]
[EventDate "2023.05.23"]
[EventType "swiss (blitz)"]
[EventRounds "11"]
[EventCountry "USA"]
[SourceTitle "EXT 2024"]
[Source "ChessBase"]
[SourceDate "2023.10.10"]
[SourceVersion "1"]
[SourceVersionDate "2023.10.10"]
[SourceQuality "1"]

1. e4 Nc6 2. Nc3 Nf6 3. d4 d6 4. Nf3 g6 5. h3 Bg7 6. Bg5 a6 7. Qd2 b5 8. a3 Bb7 9. Bh6 0-0 10. Be2 e5 11. d5 Nb8 12. h4 Nh5 13. g4 Nf4 14. Bxf4 exf4 15. Qxf4 Nd7 16. Bd3 Qe7 17. Kf1 c6 18. dxc6 Bxc6 19. Rd1 Rad8 20. Be2 Nc5 21. Nd5 Bxd5 22. Rxd5 Bxb2 23. Nd4 Qxe4 24. Qxe4 Nxe4 25. Nc6 Rd7 26. Bf3 Nc3 27. Rd3 Rc8 28. Kg2 d5 29. Nb4 a5 30. Nxd5 Nxd5 31. Bxd5 Rxc2 32. Re1 Kg7 33. g5 a4 34. Re4 Bxa3 35. Rf4 Bc5 36. Rdf3 Rxd5 37. Rxf7+ Kg8 38. Rc7 Rf5 0-1

[Event "Titled Tuesday intern op 11th Apr Late"]
[Site "Chess.com INT"]
[Date "2023.04.11"]
[Round "6"]
[White "Jimenez Almeida, Luis David"]
[Black "Perez Rodriguez, Jennifer"]
[Result "1-0"]
[WhiteElo "2241"]
[BlackElo "2242"]
[PlyCount "95"]
[EventDate "2023.04.11"]
[EventType "swiss (blitz)"]
[EventRounds "11"]
[EventCountry "USA"]
[SourceTitle "CBM 213 Extra"]
[Source "ChessBase"]
[SourceDate "2023.05.31"]
[SourceVersion "1"]
[SourceVersionDate "2023.05.31"]
[SourceQuality "1"]

1. e4 e5 2. Nf3 Nc6 3. Bb5 f5 4. d3 fxe4 5. dxe4 Nf6 6. Be3 d6 7. Nc3 Be7 8. h3 0-0 9. Bc4+ Kh8 10. a3 Qe8 11. Qd2 Nh5 12. 0-0-0 Bd8 13. Nd5 Be6 14. Ng5 Bg8 15. h4 Nf4 16. g3 Nxd5 17. exd5 Nb8 18. Kb1 Nd7 19. h5 Nf6 20. h6 g6 21. f4 exf4 22. gxf4 Ng4 23. Bd4+ Bf6 24. Rde1 Qd8 25. Ne4 Bxd4 26. Qxd4+ Nf6 27. Ng5 c5 28. dxc6 bxc6 29. Bxg8 Kxg8 30. Ne6 Qb6 31. Qxb6 axb6 32. Nxf8 Rxf8 33. f5 g5 34. Rhg1 g4 35. Re6 Kf7 36. Kc1 Rd8 37. Rge1 Rd7 38. Kd2 c5 39. c4 d5 40. cxd5 Rxd5+ 41. Kc2 Rxf5 42. Rxb6 g3 43. Rb7+ Kf8 44. Rd1 g2 45. Rg7 Rf2+ 46. Rd2 Rxd2+ 47. Kxd2 Ne4+ 48. Ke3 1-0

[Event "Titled Tuesday intern op 11th Apr Late"]
[Site "Chess.com INT"]
[Date "2023.04.11"]
[Round "5"]
[White "Martic, Ivan"]
[Black "Perez Rodriguez, Jennifer"]
[Result "1-0"]
[WhiteElo "2294"]
[BlackElo "2242"]
[PlyCount "63"]
[EventDate "2023.04.11"]
[EventType "swiss (blitz)"]
[EventRounds "11"]
[EventCountry "USA"]
[SourceTitle "CBM 213 Extra"]
[Source "ChessBase"]
[SourceDate "2023.05.31"]
[SourceVersion "1"]
[SourceVersionDate "2023.05.31"]
[SourceQuality "1"]

1. d4 d5 2. Nf3 Nf6 3. c4 c6 4. Nc3 e6 5. e3 Nbd7 6. Qc2 Bd6 7. Bd3 dxc4 8. Bxc4 b5 9. Be2 Bb7 10. 0-0 0-0 11. e4 e5 12. dxe5 Nxe5 13. Nd4 Neg4 14. Nf5 Bxh2+ 15. Kh1 Be5 16. Bg5 h6 17. Bh4 Qc7 18. Bxg4 Nxg4 19. Qe2 h5 20. f3 Nf6 21. Rac1 Qb6 22. f4 Bxc3 23. Rxc3 Ng4 24. Rg3 c5 25. Rxg4 hxg4 26. Qxg4 g6 27. e5 Be4 28. Nd6 Bd3 29. Bf6 g5 30. Qxg5+ Bg6 31. Qh6 Bh7 32. Qg7# 1-0

[Event "Titled Tuesday intern op 11th Apr Late"]
[Site "Chess.com INT"]
[Date "2023.04.11"]
[Round "3"]
[White "Michalski, Olaf"]
[Black "Perez Rodriguez, Jennifer"]
[Result "0-1"]
[WhiteElo "2273"]
[BlackElo "2242"]
[PlyCount "42"]
[EventDate "2023.04.11"]
[EventType "swiss (blitz)"]
[EventRounds "11"]
[EventCountry "USA"]
[SourceTitle "CBM 213 Extra"]
[Source "ChessBase"]
[SourceDate "2023.05.31"]
[SourceVersion "1"]
[SourceVersionDate "2023.05.31"]
[SourceQuality "1"]

1. d4 d5 2. c4 c6 3. cxd5 cxd5 4. Nc3 Nf6 5. Nf3 Nc6 6. Bf4 a6 7. e3 Bg4 8. h3 Bh5 9. Qb3 Na5 10. Qa4+ Nc6 11. Ne5 Qb6 12. Nxc6 bxc6 13. b3 e6 14. Bd3 Bb4 15. Kd2 Bg6 16. f3 0-0 17. Bxg6 hxg6 18. Rhc1 c5 19. dxc5 Bxc5 20. Ne2 e5 21. Bg5 Nh7 0-1

[Event "Titled Tuesday intern op 11th Apr Late"]
[Site "Chess.com INT"]
[Date "2023.04.11"]
[Round "4"]
[White "Perez Rodriguez, Jennifer"]
[Black "Bilan, Danila"]
[Result "1-0"]
[WhiteElo "2242"]
[BlackElo "2303"]
[PlyCount "77"]
[EventDate "2023.04.11"]
[EventType "swiss (blitz)"]
[EventRounds "11"]
[EventCountry "USA"]
[SourceTitle "CBM 213 Extra"]
[Source "ChessBase"]
[SourceDate "2023.05.31"]
[SourceVersion "1"]
[SourceVersionDate "2023.05.31"]
[SourceQuality "1"]

1. c4 c6 2. Nf3 d5 3. e3 Nf6 4. b3 Bg4 5. Be2 e6 6. Bb2 Nbd7 7. 0-0 Bd6 8. d4 Ne4 9. Ne5 Bxe2 10. Qxe2 0-0 11. f3 Nef6 12. Nd2 c5 13. f4 cxd4 14. exd4 Rc8 15. Rae1 Bb4 16. Rd1 Bxd2 17. Qxd2 Ne4 18. Qd3 f5 19. h3 Re8 20. Kh2 Nxe5 21. fxe5 g6 22. Rc1 Qg5 23. Rc2 Rc6 24. Bc1 Qh4 25. g3 Qd8 26. Be3 Re7 27. Rfc1 Rec7 28. c5 Rc8 29. b4 R6c7 30. b5 Rf7 31. a4 Qf8 32. c6 bxc6 33. Rxc6 Rfc7 34. Rxc7 Rxc7 35. Rxc7 Qb4 36. Bh6 Qb2+ 37. Qc2 Qa3 38. Rc8+ Kf7 39. Qc7+ 1-0

[Event "Titled Tuesday intern op 04th Apr Late"]
[Site "Chess.com INT"]
[Date "2023.04.04"]
[Round "6"]
[White "Jelcic, Marko"]
[Black "Perez Rodriguez, Jennifer"]
[Result "1-0"]
[WhiteElo "2201"]
[BlackElo "2242"]
[PlyCount "83"]
[EventDate "2023.04.04"]
[EventType "swiss (blitz)"]
[EventRounds "11"]
[EventCountry "USA"]
[SourceTitle "EXT 2024"]
[Source "ChessBase"]
[SourceDate "2023.10.10"]
[SourceVersion "1"]
[SourceVersionDate "2023.10.10"]
[SourceQuality "1"]

1. e4 e5 2. Nf3 Nc6 3. d4 exd4 4. Bc4 Nf6 5. e5 d5 6. Bb5 Ne4 7. Nxd4 Bd7 8. Bxc6 bxc6 9. 0-0 Bc5 10. f3 Ng5 11. f4 Ne4 12. Be3 Bb6 13. Nc3 c5 14. Nb3 Nxc3 15. bxc3 c4 16. Nd4 c5 17. Ne2 Bc6 18. f5 0-0 19. f6 Re8 20. Qe1 Rxe5 21. Qg3 g6 22. Qxe5 Qd7 23. Qg5 Qe8 24. Qh6 Qf8 25. Qxf8+ Kxf8 26. Bh6+ Ke8 27. Nf4 Kd7 28. Rae1 Bd8 29. Bg5 d4 30. Rd1 Bb6 31. Ne2 Ba4 32. cxd4 Bxc2 33. dxc5+ Bxd1 34. Rxd1+ Kc6 35. cxb6 axb6 36. Rd2 b5 37. Rc2 Rd8 38. Bd2 Re8 39. Bb4 Rd8 40. a3 Rd1+ 41. Kf2 Rd3 42. Rd2 1-0

[Event "Titled Tuesday intern op 04th Apr Early"]
[Site "Chess.com INT"]
[Date "2023.04.04"]
[Round "2"]
[White "Perez Rodriguez, Jennifer"]
[Black "Srinath, Rao SV"]
[Result "0-1"]
[WhiteElo "2242"]
[BlackElo "2284"]
[PlyCount "48"]
[EventDate "2023.04.04"]
[EventType "swiss (blitz)"]
[EventRounds "11"]
[EventCountry "USA"]
[SourceTitle "EXT 2024"]
[Source "ChessBase"]
[SourceDate "2023.10.10"]
[SourceVersion "1"]
[SourceVersionDate "2023.10.10"]
[SourceQuality "1"]

1. e4 c6 2. Nc3 d5 3. Nf3 dxe4 4. Nxe4 Nf6 5. Qe2 Nxe4 6. Qxe4 Nd7 7. Bc4 Nf6 8. Ne5 e6 9. Qe2 Qc7 10. d4 Bd6 11. Bf4 b5 12. Bb3 0-0 13. 0-0 a6 14. Rad1 Nd5 15. Bg3 Bb7 16. c3 Rae8 17. Bc2 f5 18. f4 c5 19. Bf2 Nxf4 20. Qe3 Bxe5 21. Qxe5 Qc6 22. d5 Nxd5 23. Qg3 Nf6 24. Rfe1 Nh5 0-1

[Event "Titled Tuesday intern op 28th Mar Early"]
[Site "Chess.com INT"]
[Date "2023.03.28"]
[Round "7"]
[White "Perez Rodriguez, Jennifer"]
[Black "Harshavardhan, GB."]
[Result "0-1"]
[WhiteElo "2254"]
[BlackElo "2436"]
[PlyCount "58"]
[EventDate "2023.03.28"]
[EventType "swiss (blitz)"]
[EventRounds "11"]
[EventCountry "USA"]
[SourceTitle "EXT 2024"]
[Source "ChessBase"]
[SourceDate "2023.10.10"]
[SourceVersion "1"]
[SourceVersionDate "2023.10.10"]
[SourceQuality "1"]

1. e4 e5 2. Nf3 Nc6 3. d4 exd4 4. Nxd4 Bc5 5. Be3 Qf6 6. c3 Nge7 7. Bc4 d6 8. 0-0 Bb6 9. Nc2 0-0 10. Bxb6 axb6 11. Nd2 Be6 12. Ne3 Rfd8 13. Nd5 Bxd5 14. exd5 Ne5 15. Bb3 N7g6 16. Ne4 Qh4 17. f3 f5 18. Ng3 Rf8 19. Qd2 Rae8 20. Rae1 Nf4 21. Bc2 Qg5 22. Kh1 g6 23. Rf2 Nc4 24. Qc1 Rxe1+ 25. Qxe1 Nxb2 26. Bxf5 Nbd3 27. Bxd3 Nxd3 28. Qe6+ Kg7 29. Re2 Qc1+ 0-1

[Event "Titled Tuesday intern op 28th Mar Early"]
[Site "Chess.com INT"]
[Date "2023.03.28"]
[Round "11"]
[White "Perez Rodriguez, Jennifer"]
[Black "Jeet, Jain"]
[Result "0-1"]
[WhiteElo "2254"]
[BlackElo "2246"]
[PlyCount "102"]
[EventDate "2023.03.28"]
[EventType "swiss (blitz)"]
[EventRounds "11"]
[EventCountry "USA"]
[SourceTitle "EXT 2024"]
[Source "ChessBase"]
[SourceDate "2023.10.10"]
[SourceVersion "1"]
[SourceVersionDate "2023.10.10"]
[SourceQuality "1"]

1. e4 Nc6 2. d4 d6 3. Nc3 Nf6 4. Nf3 Bg4 5. Be2 Bxf3 6. Bxf3 e5 7. dxe5 dxe5 8. Bg5 Bb4 9. 0-0 Bxc3 10. bxc3 Qe7 11. Rb1 b6 12. Be2 0-0 13. Bb5 Rad8 14. Qf3 Rd6 15. Rbd1 Rfd8 16. Rd3 h6 17. Bh4 g5 18. Bg3 Na5 19. Rfd1 Kg7 20. Qf5 c6 21. Ba6 Rxd3 22. Bxd3 Nd7 23. h4 f6 24. Be2 Nf8 25. Rxd8 Qxd8 26. hxg5 hxg5 27. Bd3 Qd7 28. Qf3 Ne6 29. Qg4 Nc5 30. Qxd7+ Nxd7 31. f3 c5 32. Bb5 Nf8 33. c4 Ne6 34. Be1 Nb7 35. Bc6 Nd6 36. Bd5 Nd4 37. c3 Nc2 38. Bd2 Na3 39. Kf2 Naxc4 40. Bc1 Na5 41. g3 Nab7 42. f4 gxf4 43. gxf4 Nd8 44. f5 N8f7 45. Kg3 Nb5 46. Bd2 Nfd6 47. Kf3 Nc7 48. Ke3 Nxd5+ 49. exd5 Nxf5+ 50. Ke4 Nd6+ 51. Kd3 f5 0-1

[Event "Titled Tuesday intern op 21st Mar Late"]
[Site "Chess.com INT"]
[Date "2023.03.21"]
[Round "6"]
[White "Perez Rodriguez, Jennifer"]
[Black "Di Berardino, Diego Rafael"]
[Result "0-1"]
[WhiteElo "2254"]
[BlackElo "2476"]
[PlyCount "82"]
[EventDate "2023.03.21"]
[EventType "swiss (blitz)"]
[EventRounds "11"]
[EventCountry "USA"]
[SourceTitle "EXT 2024"]
[Source "ChessBase"]
[SourceDate "2023.10.10"]
[SourceVersion "1"]
[SourceVersionDate "2023.10.10"]
[SourceQuality "1"]

1. e4 Nf6 2. Nc3 d5 3. exd5 Nxd5 4. Nxd5 Qxd5 5. d4 Nc6 6. Nf3 Bg4 7. Be2 0-0-0 8. 0-0 e6 9. Be3 Bd6 10. c4 Qh5 11. h3 Bxh3 12. gxh3 Qxh3 13. c5 Bxc5 14. Ng5 Qh4 15. Nxf7 Nxd4 16. Bg5 Nxe2+ 17. Qxe2 Qg3+ 18. Kh1 Qh3+ 19. Kg1 Rd4 20. Ne5 Bd6 21. f4 Bc5 22. Rf2 Rd5 23. Qf3 Bxf2+ 24. Qxf2 h6 25. Be7 b6 26. Rc1 c5 27. Bh4 g5 28. Bg3 gxf4 29. Qxf4 Rg8 30. Rc3 Rd1+ 31. Kf2 Rf1+ 32. Ke3 Rxf4 33. Kxf4 Qf1+ 34. Rf3 Qc1+ 35. Re3 Qxb2 36. Kf3 Qc1 37. Nd3 Rxg3+ 38. Kxg3 Qxe3+ 39. Kg2 Qxd3 40. Kf2 c4 41. Ke1 c3 0-1